| 000 | 00635nam a2200181 a 4500 | ||
|---|---|---|---|
| 008 | 120416s1996 ||||||||||||||||| || u | ||
| 020 | _a0821336657 | ||
| 050 | _aIBRD(06)CS/1996/7 | ||
| 110 | _aWorld Bank | ||
| 245 | 1 | 0 | _aEcuador poverty report |
| 260 |
_aWashington, D.C. _bWorld Bank _c1996 |
||
| 300 | _axix, 334p. : ill. | ||
| 350 | _a0.00 | ||
| 490 | _aWorld Bank Country Study | ||
| 650 | _aPOVERTY--ECUADOR | ||
| 650 | _aPOVERTY--GOVERNMENT POLICY--ECUADOR | ||
| 995 |
_D0.00 _FCBU-MAIN LIBRARY (Kitwe) _H1 _I0.00 _M1 _UAVAILABLE _WOct 17, 2007 _ZInternational Publications |
||
| 999 |
_c41108 _d41108 |
||